000 01096naa a22003017a 4500
001 BR6009861
003 BR-BrBNA
005 20240918173118.0
007 ta
008 230509b bl.||||| |||| 00| 0 por d
040 _aBR-BrBNA
_bpor
_cBiblioteca Nacional de Agricultura
041 _a(Pt)
072 _aH00
_b3877
090 _aH00 BR6009861
100 1 _aGalvao, D.M.
111 1 _a4. Reuniao de Fitossanitaristas do Brasil
_cRio de Janeiro, GB (Brazil)
_d21 Oct 1957
245 1 _aO problema dos residuos nas praticas fitossanitarias [Inseticida]
260 3 _aRio de Janeiro, GB (Brasil):
_c1958.
500 _aAnais da 4. Reuniao de Fitossanitaristas do Brasil Rio de Janeiro, GB (Brasil): 1958. p. 219-224 (BR6009861-AM)H00
650 _aDefesa vegetal
650 _aInseticida
650 _aControle quimico
650 _aEfeito residual
650 _aToxicologia de alimento
773 0 _tAnais da 4. Reuniao de Fitossanitaristas do Brasil
_wH00 BR6009861
_gRio de Janeiro, GB (Brasil), 1958. p. 219-224
909 _a202404
_bLucia
_c55
_dLucia Elande
942 _cAM
_2AGRIS
999 _c302942
_d302942